| 000 | 00353nam a22001217a 4500 | ||
|---|---|---|---|
| 999 |
_c13910 _d13910 |
||
| 020 | _a978176063492 | ||
| 082 | _a150 | ||
| 100 | _aIchiro Kishimi & Fumitake Koga | ||
| 245 | _aThe Courage to be Disliked: How to free yourself, change your life and achieve real happiness | ||
| 260 |
_aAustralia _bAllen & Unwin _c2017 |
||
| 300 | _a237 pages | ||
| 942 | _cBK | ||